00620cam a2200193 a 450000100070000000500170000700800410002401000170006502000280008204000180011004100080012808000160013608200200015210000070017210100080017924501430018724600320033050400640036270847120180115041937.0970415s1997 nyua b 001 0 eng  a 97018678  a0670874744 (alk. paper) aDLCcDLCdDLC aeng a940.53 STE00a940.53 STE2211 a16 aHIS10aAmerican heritage new history of World War II /crev. and updated by Stephen E. Ambrose ; [based on the] original text by C.L. Sulzberger.30aNew history of World War II aIncludes bibliographical references (p. 607-608) and index.